[Event "bosnjaci18"]
[Site "Bosnjaci"]
[Date "2018.01.05"]
[Round "4.10"]
[White "Stocko, Josip"]
[Black "Vukovic, Ivo"]
[Result "1-0"]
[WhiteElo "2308"]
[BlackElo "2034"]
[PlyCount "91"]
[EventDate "2018.??.??"]

1. e4 e5 2. Nf3 Nc6 3. Bc4 Be7 4. O-O Nf6 5. d3 O-O 6. Re1 d6 7. a4 a6 8. c3
Be6 9. Bxe6 fxe6 10. Na3 Qd7 11. b4 Kh8 12. Bd2 Nd8 13. a5 Nf7 14. c4 Ng8 15.
Qe2 Bf6 16. b5 Ne7 17. Reb1 Ng6 18. g3 Rfd8 19. Rb3 Be7 20. Rab1 d5 21. Nc2 Bc5
22. h4 Qd6 23. Ne3 c6 24. bxc6 bxc6 25. h5 Nf8 26. Ng4 Nd7 27. h6 Rg8 28. Kg2
gxh6 29. Nxh6 Nxh6 30. Bxh6 Rg6 31. Rh1 Kg8 32. Bd2 Rf8 33. Rh6 Rg7 34. exd5
cxd5 35. d4 e4 36. dxc5 exf3+ 37. Rxf3 Nxc5 38. Rxf8+ Qxf8 39. cxd5 Qa8 40. Qf3
Qxd5 41. Qxd5 exd5 42. Be3 Nb3 43. Rxa6 Rd7 44. Ra8+ Kf7 45. a6 d4 46. Bf4 1-0

[Event "bosnjaci18"]
[Site "Bosnjaci"]
[Date "2018.01.05"]
[Round "4.11"]
[White "Grubisic, Ivica"]
[Black "Bobanac, Miro"]
[Result "1-0"]
[WhiteElo "1942"]
[BlackElo "2297"]
[PlyCount "115"]
[EventDate "2018.??.??"]

1. e4 c5 2. Nf3 e6 3. d4 cxd4 4. Nxd4 a6 5. Nc3 Qc7 6. Bd3 b5 7. a3 Bb7 8. O-O
Nf6 9. Kh1 Nc6 10. Nxc6 Qxc6 11. f3 d6 12. Qe2 Nd7 13. Be3 Be7 14. Rac1 Bf6 15.
Nd1 Ne5 16. Nf2 Nc4 17. c3 O-O 18. Ng4 Be7 19. Bg1 Rad8 20. Rcd1 Rfe8 21. Bb1
Qc8 22. Qc2 g6 23. Rfe1 h5 24. Ne3 Bf6 25. Nxc4 bxc4 26. Bd4 e5 27. Bb6 Rd7 28.
Ba2 Qc6 29. Bf2 d5 30. exd5 Rxd5 31. Rxd5 Qxd5 32. Rd1 Qb5 33. Rd6 Kg7 34. a4
Qd5 35. Rxd5 Bxd5 36. Qd2 Rd8 37. Bb6 Rd7 38. h3 Be6 39. Qe2 Rd3 40. Bb1 Rd7
41. a5 h4 42. Bc2 Kh7 43. Bf2 Rd5 44. Bb6 Bg5 45. Be3 Bf6 46. b4 cxb3 47. Bxb3
Rxa5 48. Bxe6 fxe6 49. Kh2 e4 50. Bd4 e5 51. Be3 Ra3 52. Qb2 Ra4 53. Qb7+ Bg7
54. fxe4 Rc4 55. Bg5 Kh8 56. Bxh4 Rxc3 57. Qxa6 Kh7 58. Bf6 1-0

[Event "bosnjaci18"]
[Site "Bosnjaci"]
[Date "2018.01.05"]
[Round "4.12"]
[White "Petrusic, Toni"]
[Black "Fridl, Miroslav"]
[Result "1-0"]
[WhiteElo "2278"]
[BlackElo "1989"]
[PlyCount "99"]
[EventDate "2018.??.??"]

1. e4 c5 2. Ne2 d6 3. g3 Nc6 4. Bg2 Nf6 5. c3 Bg4 6. f3 Bd7 7. d4 e6 8. Be3 Be7
9. O-O O-O 10. h3 Qc7 11. f4 cxd4 12. cxd4 d5 13. e5 Ne8 14. f5 Qb6 15. fxe6
fxe6 16. Rxf8+ Bxf8 17. Qd2 Rc8 18. Nbc3 Na5 19. b3 Bb4 20. Rf1 Nc7 21. Qd1 Bb5
22. Nxb5 Nxb5 23. h4 Nc6 24. Qd3 Rf8 25. Bh3 Rxf1+ 26. Kxf1 Nd8 27. Bg5 Nf7 28.
Be3 a6 29. Nf4 Nc7 30. Bg4 Be7 31. a4 Qc6 32. Bd1 Nh6 33. Bc2 Nf5 34. Bf2 g6
35. h5 gxh5 36. Nxh5 Qe8 37. g4 Qf7 38. gxf5 Qxh5 39. f6 Bf8 40. Kg2 Qg6+ 41.
Qxg6+ hxg6 42. Bxg6 b5 43. Be1 b4 44. Bd2 a5 45. Kf3 Na6 46. Kg4 Nb8 47. Be8
Kh7 48. Kh5 Na6 49. Bg6+ Kg8 50. f7+ 1-0

[Event "bosnjaci18"]
[Site "Bosnjaci"]
[Date "2018.01.05"]
[Round "4.13"]
[White "Ljikar, Zoran"]
[Black "Kobas, Mihael"]
[Result "1/2-1/2"]
[WhiteElo "2192"]
[BlackElo "1980"]
[PlyCount "56"]
[EventDate "2018.??.??"]

1. d4 d5 2. Nc3 c6 3. e4 dxe4 4. Nxe4 Bf5 5. Ng3 Bg6 6. Nf3 Nd7 7. Bd3 Ngf6 8.
O-O e6 9. b3 Be7 10. Bb2 O-O 11. c4 c5 12. Bxg6 hxg6 13. Qe2 cxd4 14. Nxd4 Qc7
15. Ne4 Nxe4 16. Qxe4 Nc5 17. Qe2 Bf6 18. Nb5 Qc6 19. Bxf6 gxf6 20. Rfd1 a6 21.
Rd6 Qe4 22. Nc3 Qxe2 23. Nxe2 Rfd8 24. Rad1 Rxd6 25. Rxd6 Kf8 26. b4 Ne4 27.
Rd7 Ke8 28. Rd4 Rd8 1/2-1/2

[Event "bosnjaci18"]
[Site "Bosnjaci"]
[Date "2018.01.05"]
[Round "4.14"]
[White "Ivekovic, Tihana"]
[Black "Kurtovic, Nedzad"]
[Result "1-0"]
[WhiteElo "2161"]
[BlackElo "1954"]
[PlyCount "79"]
[EventDate "2018.??.??"]

1. d4 Nf6 2. c4 c6 3. Nf3 d5 4. Nc3 Bf5 5. Bf4 e6 6. Qb3 Qb6 7. c5 Qxb3 8. axb3
Nbd7 9. b4 Be7 10. b5 O-O 11. bxc6 bxc6 12. h3 Ne4 13. Nxe4 Bxe4 14. e3 Bxf3
15. gxf3 e5 16. Bg3 a5 17. h4 f5 18. Bh3 g6 19. O-O Rfb8 20. e4 Rb4 21. exf5
exd4 22. Bd6 Bxd6 23. cxd6 Ne5 24. Kg2 Rd8 25. fxg6 Rxd6 26. gxh7+ Kxh7 27.
Bf5+ Kg7 28. Rxa5 Kf6 29. Bg4 Rxb2 30. Ra7 d3 31. Kg3 d2 32. h5 Nf7 33. f4 c5
34. Rc7 c4 35. Bd1 Rb4 36. Kf3 d4 37. Rg1 Nh8 38. Rg8 Rdb6 39. Rxh8 R4b5 40.
Rh6+ 1-0

[Event "bosnjaci18"]
[Site "Bosnjaci"]
[Date "2018.01.05"]
[Round "4.15"]
[White "Tucakovic, Zdravko"]
[Black "Blagojevic, Marijan"]
[Result "0-1"]
[WhiteElo "1953"]
[BlackElo "2145"]
[PlyCount "124"]
[EventDate "2018.??.??"]

1. e4 c5 2. Nf3 d6 3. d4 cxd4 4. Nxd4 Nf6 5. Nc3 a6 6. Be2 e6 7. Be3 Be7 8. O-O
Qc7 9. Qd2 O-O 10. Rad1 Nbd7 11. f4 b5 12. f5 e5 13. Nb3 Bb7 14. Nd5 Bxd5 15.
exd5 Nb6 16. Bf2 Rac8 17. c4 Nxc4 18. Qc2 Qb8 19. Qb1 Bd8 20. g4 h6 21. h4 Nd7
22. Nd2 Nxd2 23. Rxd2 Re8 24. Qe4 Qc7 25. Qg2 e4 26. Rd4 Qc2 27. Bd1 Qxb2 28.
Rxe4 Rxe4 29. Qxe4 Bf6 30. Qe3 Qc3 31. g5 Qxe3 32. Bxe3 hxg5 33. hxg5 Rc3 34.
Kf2 Be5 35. g6 Nf6 36. Bf3 Rc2+ 37. Kg1 Nd7 38. Rc1 Rxc1+ 39. Bxc1 Kf8 40. Be2
Nb6 41. Bf3 Ke7 42. Kf2 fxg6 43. fxg6 Bd4+ 44. Ke2 Nc4 45. Bg5+ Bf6 46. Bc1 Bd4
47. Bg5+ Kd7 48. Bd2 Kc7 49. Be4 Kb6 50. Kd3 Kc5 51. Be1 a5 52. a3 Ne5+ 53. Kc2
Nc4 54. Kd3 Nxa3 55. Bxa5 Nc4 56. Bd2 Nb6 57. Bb4+ Kxb4 58. Kxd4 Kb3 59. Bd3 b4
60. Ke4 Kc3 61. Bb1 Nd7 62. Kf5 Nc5 0-1

[Event "bosnjaci18"]
[Site "Bosnjaci"]
[Date "2018.01.05"]
[Round "4.16"]
[White "Tomas, Ante"]
[Black "Dabic, Stjepan"]
[Result "0-1"]
[WhiteElo "2124"]
[BlackElo "1949"]
[PlyCount "114"]
[EventDate "2018.??.??"]

1. d4 Nf6 2. Nf3 g6 3. c4 Bg7 4. Nc3 O-O 5. e4 d6 6. Be2 e5 7. dxe5 dxe5 8.
Qxd8 Rxd8 9. Bg5 Re8 10. Nd5 Nxd5 11. cxd5 c6 12. Bc4 Nd7 13. dxc6 bxc6 14.
O-O-O Nb6 15. Bb3 Be6 16. Rd3 h6 17. Be3 f5 18. Nd2 Bxb3 19. Rxb3 Rab8 20. Rd1
c5 21. f3 Bf8 22. Rc3 Red8 23. b3 f4 24. Bf2 Kf7 25. Nc4 Rxd1+ 26. Kxd1 Nd7 27.
Rd3 Ke6 28. Rd5 Be7 29. Be1 Rc8 30. Bc3 Bf6 31. Rd6+ Ke7 32. Ba5 Nb8 33. Rd5
Ke6 34. Kc1 g5 35. Bc3 Nd7 36. Rd6+ Ke7 37. Ra6 Rc7 38. Kb2 h5 39. Ba5 Rb7 40.
Nd6 Nb8 41. Rxa7 Rxa7 42. Nc8+ Kf7 43. Nxa7 g4 44. Bc7 Na6 45. Bb6 Nb4 46. Ba5
Nd5 47. exd5 e4+ 48. Kc2 exf3 49. gxf3 g3 50. hxg3 fxg3 51. Be1 g2 52. Bf2 Bd4
53. Nc6 Bxf2 54. d6 Ke6 55. d7 Kxd7 56. Ne5+ Kc7 57. a4 g1=Q 0-1

[Event "bosnjaci18"]
[Site "Bosnjaci"]
[Date "2018.01.05"]
[Round "4.17"]
[White "Jelecevic, Ivo"]
[Black "Klasan, Elvis"]
[Result "1-0"]
[WhiteElo "2102"]
[BlackElo "1898"]
[PlyCount "49"]
[EventDate "2018.??.??"]

1. e4 e5 2. Nf3 Nc6 3. Bb5 d6 4. d4 exd4 5. Qxd4 Bd7 6. Bxc6 Bxc6 7. Bg5 Qd7 8.
h3 f6 9. Bd2 Ne7 10. Nc3 Ng6 11. O-O-O Be7 12. g4 O-O 13. Qe3 b5 14. Nd4 Nh4
15. Qg3 g5 16. f4 b4 17. Nd5 Bxd5 18. exd5 a5 19. Ne6 Rf7 20. fxg5 fxg5 21.
Bxg5 Ng6 22. Rhe1 Re8 23. Bxe7 Rfxe7 24. Nd4 Ne5 25. Nf5 1-0

[Event "bosnjaci18"]
[Site "Bosnjaci"]
[Date "2018.01.05"]
[Round "4.18"]
[White "Jelic, Ivan"]
[Black "Caric, Mato"]
[Result "1/2-1/2"]
[WhiteElo "1926"]
[BlackElo "2075"]
[PlyCount "23"]
[EventDate "2018.??.??"]

1. e4 c5 2. Nf3 d6 3. d4 cxd4 4. Nxd4 Nf6 5. Nc3 a6 6. f3 e6 7. Bc4 Qc7 8. Bb3
Nc6 9. Be3 Bd7 10. Qd2 b5 11. O-O Be7 12. Rfd1 1/2-1/2

[Event "bosnjaci18"]
[Site "Bosnjaci"]
[Date "2018.01.05"]
[Round "4.19"]
[White "Mahmutbegovic, Muharem"]
[Black "Mican, Karmela"]
[Result "1-0"]
[WhiteElo "2033"]
[BlackElo "1873"]
[PlyCount "45"]
[EventDate "2018.??.??"]

1. e4 e5 2. Nf3 Nc6 3. Bc4 Bc5 4. b4 Bxb4 5. c3 Bc5 6. d4 exd4 7. O-O Na5 8.
cxd4 Nxc4 9. dxc5 b5 10. a4 Ba6 11. axb5 Bxb5 12. Nc3 c6 13. Nxb5 cxb5 14. Qd4
Qf6 15. e5 Qc6 16. e6 f6 17. exd7+ Kd8 18. Rd1 Ne7 19. Qg4 Ne5 20. Nxe5 fxe5
21. Bd2 Nd5 22. Ba5+ Nc7 23. Qxg7 1-0

[Event "bosnjaci18"]
[Site "Bosnjaci"]
[Date "2018.01.05"]
[Round "4.20"]
[White "Bekcic, Martin"]
[Black "Petricevic, Ivan"]
[Result "1/2-1/2"]
[WhiteElo "1897"]
[BlackElo "2025"]
[PlyCount "55"]
[EventDate "2018.??.??"]

1. d4 Nf6 2. Nf3 g6 3. Bf4 Bg7 4. e3 c5 5. c3 Qb6 6. Qc1 Nc6 7. h3 O-O 8. Nbd2
d6 9. Bd3 Nh5 10. Bh2 cxd4 11. exd4 e5 12. dxe5 dxe5 13. O-O Nf4 14. Bxf4 exf4
15. Re1 h6 16. Bc4 g5 17. Qc2 Bd7 18. Ne4 Nd8 19. Rad1 Be6 20. Nexg5 hxg5 21.
Nxg5 Re8 22. Qh7+ Kf8 23. Qh5 Re7 24. Nh7+ Kg8 25. Qh4 Qc7 26. Nf6+ Kf8 27.
Nh7+ Kg8 28. Nf6+ 1/2-1/2

[Event "bosnjaci18"]
[Site "Bosnjaci"]
[Date "2018.01.05"]
[Round "4.21"]
[White "Zlatarevic, Ivan"]
[Black "Mutapcic, Ilija"]
[Result "1-0"]
[WhiteElo "2025"]
[BlackElo "1824"]
[PlyCount "92"]
[EventDate "2018.??.??"]

1. d4 d5 2. c4 dxc4 3. Nc3 Nf6 4. Nf3 e6 5. Bg5 Be7 6. e3 O-O 7. Bxc4 b6 8. O-O
Ba6 9. Bxa6 Nxa6 10. Ne5 Nb8 11. Qf3 Nbd7 12. Nc6 Qe8 13. Rac1 a6 14. Ne4 Rc8
15. Nxe7+ Qxe7 16. Nxf6+ Nxf6 17. Rc6 h6 18. Bxf6 gxf6 19. Rfc1 Kh7 20. Qf4 e5
21. dxe5 Qxe5 22. Qxe5 fxe5 23. Rxc7 Rxc7 24. Rxc7 Kg7 25. Kf1 Rd8 26. Ke2 Rd6
27. e4 a5 28. Rc3 Kf6 29. Rd3 Rc6 30. Kd2 Ke6 31. Rh3 Ke7 32. Rh5 Re6 33. Kd3
Kd6 34. Kc4 Kc6 35. a4 f6 36. Rxh6 Rd6 37. Kc3 Kc5 38. Rh8 Kc6 39. b3 Kd7 40.
f3 Rd1 41. Rb8 Kc6 42. Rf8 Rc1+ 43. Kb2 Rg1 44. Rxf6+ Kc5 45. Rg6 b5 46. axb5
Kxb5 1-0

[Event "bosnjaci18"]
[Site "Bosnjaci"]
[Date "2018.01.05"]
[Round "4.22"]
[White "Dejanovic, Tereza"]
[Black "Duda, Daniel"]
[Result "1/2-1/2"]
[WhiteElo "1779"]
[BlackElo "1997"]
[PlyCount "92"]
[EventDate "2018.??.??"]

1. e4 c5 2. c3 d5 3. exd5 Qxd5 4. d4 Nf6 5. Nf3 e6 6. Be3 cxd4 7. cxd4 Be7 8.
Nc3 Qd8 9. Bd3 O-O 10. O-O b6 11. Rc1 Bb7 12. Qe2 Nbd7 13. Rfd1 Nd5 14. Ba6
Bxa6 15. Qxa6 N7f6 16. a3 Nxc3 17. Rxc3 Nd5 18. Rc2 f6 19. Rdc1 Qd7 20. Qc4 Kf7
21. Qd3 g6 22. Qc4 Rfd8 23. Nd2 b5 24. Qe2 a5 25. Ne4 b4 26. Nc5 Bxc5 27. Rxc5
Rdc8 28. Qc2 Rxc5 29. Qxc5 Ra7 30. Bd2 bxa3 31. Qxa3 Qb5 32. Re1 Nb4 33. Qh3 h5
34. Qxe6+ Kg7 35. Qe3 g5 36. Qe8 Qxe8 37. Rxe8 Nd3 38. Rb8 a4 39. Kf1 Re7 40.
Be3 f5 41. Ke2 Nf4+ 42. Kf1 Nd3 43. Ke2 Nf4+ 44. Kf1 Nd3 45. Ke2 Nf4+ 46. Kf1
Nd3 1/2-1/2

[Event "bosnjaci18"]
[Site "Bosnjaci"]
[Date "2018.01.05"]
[Round "4.23"]
[White "Pasalic, Adnan"]
[Black "Novosad, Ivan"]
[Result "1-0"]
[WhiteElo "2009"]
[BlackElo "1851"]
[PlyCount "77"]
[EventDate "2018.??.??"]

1. d4 c6 2. c4 d5 3. Nc3 Bf5 4. Nf3 e6 5. e3 Nf6 6. Be2 Bd6 7. O-O Nbd7 8. cxd5
exd5 9. Nh4 Be6 10. g3 g5 11. Nf3 Ne4 12. Nxe4 dxe4 13. Nd2 Nf6 14. Qc2 Bd5 15.
f3 Qe7 16. fxe4 Nxe4 17. Nxe4 Bxe4 18. Bd3 f5 19. Bxe4 fxe4 20. Bd2 Qe6 21. Rf2
O-O-O 22. b4 Rhf8 23. Raf1 a6 24. a4 Kd7 25. Be1 g4 26. Qe2 Rf3 27. b5 axb5 28.
axb5 h5 29. bxc6+ bxc6 30. Qa6 h4 31. Ba5 Rc8 32. Qb7+ Bc7 33. d5 cxd5 34. Rc1
Qe5 35. Rfc2 Rxg3+ 36. Kh1 Rh3 37. Rxc7+ Rxc7 38. Rxc7+ Ke6 39. Re7+ 1-0

[Event "bosnjaci18"]
[Site "Bosnjaci"]
[Date "2018.01.05"]
[Round "4.24"]
[White "Slobodjanac, Sinisa"]
[Black "Blazeka, Mihaela"]
[Result "0-1"]
[WhiteElo "1803"]
[BlackElo "1984"]
[PlyCount "70"]
[EventDate "2018.??.??"]

1. b4 e5 2. Bb2 Bxb4 3. Bxe5 Nf6 4. c4 Nc6 5. Bb2 O-O 6. Nf3 d5 7. cxd5 Nxd5 8.
e3 Re8 9. Be2 Bg4 10. O-O Qd7 11. a3 Ba5 12. d4 Rad8 13. Nbd2 Nb6 14. Rc1 Be6
15. Bb5 a6 16. Ne5 Qd6 17. Nxc6 Bxd2 18. Qxd2 bxc6 19. Rxc6 Qd5 20. Rxb6 axb5
21. Ra6 Qg5 22. f4 Qf5 23. Rf3 Bc4 24. Ra5 Qb1+ 25. Qc1 Qd3 26. h3 Re6 27. Bc3
Rg6 28. Qd2 Qf5 29. Qf2 h5 30. Rg3 Rdd6 31. Ra8+ Kh7 32. Rg5 Rxg5 33. fxg5 Qxg5
34. Qf4 Qg6 35. Kh2 Bd5 0-1

[Event "bosnjaci18"]
[Site "Bosnjaci"]
[Date "2018.01.06"]
[Round "5.1"]
[White "Jovanovic, Zoran"]
[Black "Kovacevic, Blazimir"]
[Result "1/2-1/2"]
[WhiteElo "2535"]
[BlackElo "2486"]
[PlyCount "29"]
[EventDate "2018.??.??"]

1. e4 e6 2. d4 d5 3. Nc3 Bb4 4. e5 b6 5. Bd2 Ne7 6. Nce2 Bxd2+ 7. Qxd2 Ba6 8.
Nf3 c5 9. c3 Nbc6 10. g3 Rc8 11. Bh3 Qd7 12. O-O cxd4 13. cxd4 O-O 14. Rfc1 Ng6
15. Nf4 1/2-1/2

[Event "bosnjaci18"]
[Site "Bosnjaci"]
[Date "2018.01.06"]
[Round "5.2"]
[White "Muha, Miljenko"]
[Black "Radovanovic, Nikola"]
[Result "1-0"]
[WhiteElo "2371"]
[BlackElo "2441"]
[PlyCount "109"]
[EventDate "2018.??.??"]

1. d4 d6 2. e4 Nf6 3. Nc3 Nbd7 4. Nf3 e5 5. Bc4 Be7 6. O-O O-O 7. Re1 c6 8. a4
exd4 9. Nxd4 Ne5 10. Bf1 Re8 11. h3 Bf8 12. Bf4 Bd7 13. Kh1 Ng6 14. Bh2 Qa5 15.
Nb3 Qb4 16. a5 Nxe4 17. Rxe4 Rxe4 18. Na2 Qa4 19. Nac1 Qxa1 20. Nxa1 Rae8 21.
Nd3 d5 22. Nb3 b6 23. Nd2 R4e6 24. axb6 axb6 25. f4 R6e7 26. Nf3 f6 27. g4 Re4
28. f5 Ne7 29. b3 Nc8 30. c4 d4 31. Nf2 Re3 32. Bf4 c5 33. Bxe3 Rxe3 34. Bg2
Bd6 35. Ne1 Bg3 36. Ned3 h5 37. Bd5+ Kh7 38. g5 g6 39. fxg6+ Kxg6 40. gxf6 Nd6
41. f7 Nxf7 42. Bxf7+ Kxf7 43. Qxh5+ Ke7 44. Qg5+ Kd6 45. Ne4+ Kc7 46. Nxg3
Rxd3 47. Qf4+ Kb7 48. h4 Rxb3 49. h5 Bc6+ 50. Kg1 Rf3 51. Qd6 d3 52. h6 d2 53.
Nf1 Rf6 54. Qxd2 Rg6+ 55. Kh2 1-0

[Event "bosnjaci18"]
[Site "Bosnjaci"]
[Date "2018.01.06"]
[Round "5.3"]
[White "Ascic, Pero"]
[Black "Cabarkapa, Novak"]
[Result "0-1"]
[WhiteElo "2323"]
[BlackElo "2441"]
[PlyCount "96"]
[EventDate "2018.??.??"]

1. e4 d5 2. exd5 Qxd5 3. Nc3 Qd6 4. d4 Nf6 5. Nf3 c6 6. Be2 Bf5 7. O-O h6 8. h3
e6 9. Bd3 Bxd3 10. Qxd3 Nbd7 11. Ne4 Nxe4 12. Qxe4 Qd5 13. Re1 Bd6 14. c3 Nf6
15. Qxd5 cxd5 16. Re2 Nd7 17. Ne1 g5 18. Nd3 Nf6 19. Bd2 Rc8 20. Ne5 Ne4 21.
Nd3 Kd7 22. Be1 Ke7 23. g3 h5 24. Kg2 g4 25. h4 f6 26. Bd2 e5 27. Be3 Rc6 28.
Rd1 Ke6 29. Rf1 b5 30. Ra1 Rh7 31. a3 Rb7 32. Nb4 Rc4 33. dxe5 fxe5 34. Nd3 a5
35. Ne1 b4 36. axb4 axb4 37. cxb4 Rcxb4 38. Ra2 d4 39. Bh6 Nc5 40. Nc2 d3 41.
Nxb4 dxe2 42. Nc2 Nd3 43. Bd2 Rc7 44. Ne3 e1=Q 45. Bxe1 Nxe1+ 46. Kf1 Nd3 47.
Ra8 Rf7 48. Nd1 Nxf2 0-1

[Event "bosnjaci18"]
[Site "Bosnjaci"]
[Date "2018.01.06"]
[Round "5.4"]
[White "Popovic, Milan S"]
[Black "Tica, Sven"]
[Result "0-1"]
[WhiteElo "2264"]
[BlackElo "2441"]
[PlyCount "196"]
[EventDate "2018.??.??"]

1. d4 d5 2. Bf4 c5 3. e3 cxd4 4. exd4 Nc6 5. c3 Nf6 6. Nd2 Bf5 7. Ngf3 e6 8.
Qb3 Qc8 9. Nh4 Be4 10. Nxe4 Nxe4 11. Nf3 Bd6 12. Bxd6 Nxd6 13. Bd3 Rb8 14. a4
Qc7 15. O-O O-O 16. Rfe1 Rfd8 17. Ne5 Nxe5 18. Rxe5 a6 19. g3 g6 20. Ree1 Nc8
21. Qc2 Ne7 22. h4 b5 23. h5 Rb6 24. hxg6 hxg6 25. axb5 axb5 26. Kg2 Kg7 27.
Rh1 Rh8 28. Rxh8 Kxh8 29. Rh1+ Kg7 30. Qd2 Ng8 31. Qg5 b4 32. Qh4 Kf8 33. Qh8
Qd8 34. Ra1 Qb8 35. Rh1 Qd8 36. Ra1 bxc3 37. bxc3 Rc6 38. Rc1 Qc8 39. Rh1 Qd8
40. Rc1 Qc8 41. Rh1 Ke7 42. Bxg6 Nf6 43. Qg7 Qf8 44. Qxf8+ Kxf8 45. Bd3 Rxc3
46. Rd1 Ra3 47. Rd2 Ke7 48. f3 Ne8 49. Kf2 Nd6 50. Be2 f6 51. Bd3 e5 52. Bh7
Nc4 53. Re2 Kd6 54. dxe5+ fxe5 55. f4 exf4 56. gxf4 d4 57. Re8 Kc5 58. Rb8 d3
59. Bxd3 Rxd3 60. f5 Kd5 61. f6 Ke6 62. Rf8 Nd6 63. f7 Nxf7 64. Ke2 Ra3 65. Rb8
Ne5 66. Rb4 Kd5 67. Rh4 Ng6 68. Rb4 Ne7 69. Rh4 Nf5 70. Rg4 Ke5 71. Rb4 Nd4+
72. Kf2 Ke4 73. Rb2 Kf4 74. Kg2 Ra8 75. Rf2+ Ke3 76. Rb2 Rg8+ 77. Kf1 Nf5 78.
Rb3+ Kf4 79. Kf2 Nd6 80. Rf3+ Ke5 81. Rh3 Ra8 82. Rb3 Ra4 83. Ke3 Rh4 84. Ke2
Rh2+ 85. Kf1 Ne4 86. Rb8 Kf4 87. Rf8+ Ke3 88. Kg1 Ra2 89. Rf7 Ng5 90. Re7+ Kf4
91. Kf1 Kf3 92. Ke1 Ne4 93. Kd1 Ke3 94. Kc1 Rh2 95. Rd7 Nc5 96. Rd5 Nd3+ 97.
Kb1 Rh1+ 98. Ka2 Nb4+ 0-1

[Event "bosnjaci18"]
[Site "Bosnjaci"]
[Date "2018.01.06"]
[Round "5.5"]
[White "Klasan, Vladimir"]
[Black "Mrkonjic, Nenad"]
[Result "1/2-1/2"]
[WhiteElo "2389"]
[BlackElo "2345"]
[PlyCount "76"]
[EventDate "2018.??.??"]

1. e4 c5 2. Nf3 e6 3. Nc3 Nc6 4. d4 cxd4 5. Nxd4 Nf6 6. Nxc6 dxc6 7. Qxd8+ Kxd8
8. Bf4 Bb4 9. O-O-O+ Ke7 10. f3 Rd8 11. Be2 Bxc3 12. bxc3 Rxd1+ 13. Rxd1 Ne8
14. e5 h6 15. Bg3 Bd7 16. Bh4+ f6 17. f4 Rd8 18. Bh5 Bc8 19. Rd3 Rxd3 20. cxd3
Bd7 21. Kd2 Nc7 22. c4 c5 23. Bf2 b6 24. Bf3 fxe5 25. fxe5 Na6 26. d4 cxd4 27.
Bxd4 Ba4 28. Bb2 Kd7 29. Ba3 Nc5 30. g3 Bc6 31. Bh5 Be4 32. Ke3 Bb1 33. Kd4
Bxa2 34. Bxc5 bxc5+ 35. Kxc5 Bb1 36. Kb4 Be4 37. Bd1 Kc6 38. Ba4+ Kc7 1/2-1/2

[Event "bosnjaci18"]
[Site "Bosnjaci"]
[Date "2018.01.06"]
[Round "5.6"]
[White "Blagojevic, Marijan"]
[Black "Zaja, Ivan"]
[Result "1-0"]
[WhiteElo "2145"]
[BlackElo "2454"]
[PlyCount "83"]
[EventDate "2018.??.??"]

1. d4 d5 2. c4 e6 3. Nc3 c6 4. e3 Nf6 5. Nf3 Nbd7 6. Qc2 Bd6 7. b3 O-O 8. Bd3
Qe7 9. Bb2 b6 10. O-O Bb7 11. e4 dxe4 12. Nxe4 Nxe4 13. Bxe4 Nf6 14. Bd3 c5 15.
dxc5 Bxc5 16. Bxf6 Qxf6 17. Bxh7+ Kh8 18. Be4 Bxe4 19. Qxe4 Rad8 20. Rad1 g6
21. Qe5 Kg7 22. g3 a5 23. Kg2 a4 24. Rfe1 Bb4 25. Rf1 Bc5 26. Qe2 axb3 27. axb3
Qc3 28. Qe5+ Qxe5 29. Nxe5 Rd4 30. Nc6 Rxd1 31. Rxd1 Ra8 32. b4 Bf8 33. Rd7 Rc8
34. Ne5 Kg8 35. b5 Rc5 36. f4 Bg7 37. Rd8+ Kh7 38. Nxf7 Rxc4 39. Ng5+ Kh6 40.
Nf7+ Kh7 41. Ng5+ Kh6 42. Nxe6 1-0

[Event "bosnjaci18"]
[Site "Bosnjaci"]
[Date "2018.01.06"]
[Round "5.7"]
[White "Sertic, Rudolf"]
[Black "Jelecevic, Ivo"]
[Result "1-0"]
[WhiteElo "2365"]
[BlackElo "2102"]
[PlyCount "135"]
[EventDate "2018.??.??"]

1. c4 c6 2. Nf3 Nf6 3. d4 d5 4. Nbd2 e6 5. g3 Nbd7 6. Bg2 Bd6 7. O-O O-O 8. b3
a5 9. Bb2 a4 10. Qc2 b5 11. c5 Bc7 12. b4 Qe7 13. Ne5 Nxe5 14. dxe5 Ng4 15. Nf3
f6 16. exf6 Nxf6 17. Ne5 Qe8 18. a3 Bxe5 19. Bxe5 Qh5 20. Bd6 Rf7 21. Qb2 Bd7
22. f3 Re8 23. Be5 Bc8 24. g4 Qg5 25. h3 Nd7 26. f4 Qe7 27. Bd6 Qf6 28. Qd2 Qh6
29. e4 Nf8 30. Rae1 Bd7 31. exd5 exd5 32. Rxe8 Bxe8 33. Qe2 Bd7 34. f5 Qf6 35.
Qe3 h6 36. Re1 Nh7 37. Be7 Qb2 38. Qg3 Qd2 39. Qe3 Qxe3+ 40. Rxe3 Nf6 41. Bd6
Ne8 42. Bg3 Kf8 43. Bh4 Nf6 44. Bg3 Ne8 45. Bf1 Re7 46. Be5 Kf7 47. Kg2 Nf6 48.
Bd3 Ne4 49. Bf4 Nf6 50. Kf3 Be8 51. Rxe7+ Kxe7 52. Be5 Kf7 53. h4 Bd7 54. g5
hxg5 55. hxg5 Ne8 56. Kf4 Bc8 57. Bd4 Bd7 58. Be5 Bc8 59. Be2 Bd7 60. Bh5+ Kf8
61. Bg6 Kg8 62. f6 gxf6 63. gxf6 Kf8 64. f7 Ke7 65. fxe8=Q+ Bxe8 66. Bxe8 Kxe8
67. Kf5 Kd7 68. Kf6 1-0

[Event "bosnjaci18"]
[Site "Bosnjaci"]
[Date "2018.01.06"]
[Round "5.8"]
[White "Mahmutbegovic, Muharem"]
[Black "Stocko, Josip"]
[Result "0-1"]
[WhiteElo "2033"]
[BlackElo "2308"]
[PlyCount "50"]
[EventDate "2018.??.??"]

1. e4 c5 2. Nf3 d6 3. d4 cxd4 4. Nxd4 Nf6 5. Nc3 a6 6. Be3 e5 7. Nf3 Be7 8. a4
Qc7 9. Bg5 Nbd7 10. Nd2 h6 11. Bh4 b6 12. Bc4 Bb7 13. Qe2 O-O 14. O-O Bd8 15.
Rfd1 Nh7 16. Bxd8 Rfxd8 17. Nf1 Ndf6 18. Ng3 g6 19. h4 h5 20. Nd5 Nxd5 21. Bxd5
Bxd5 22. exd5 Qe7 23. Rd4 Nf6 24. Rb4 Nxd5 25. Rd4 exd4 0-1

[Event "bosnjaci18"]
[Site "Bosnjaci"]
[Date "2018.01.06"]
[Round "5.9"]
[White "Zlatarevic, Ivan"]
[Black "Petrusic, Toni"]
[Result "1/2-1/2"]
[WhiteElo "2025"]
[BlackElo "2278"]
[PlyCount "66"]
[EventDate "2018.??.??"]

1. d4 Nf6 2. Nf3 g6 3. g3 Bg7 4. Bg2 O-O 5. O-O d6 6. Nbd2 Nbd7 7. c3 c5 8. a4
Rb8 9. Re1 b6 10. e4 e5 11. dxe5 dxe5 12. Nc4 Qe7 13. Qc2 Ba6 14. Bf1 Bb7 15.
b3 h6 16. Bb2 Ne8 17. Nh4 Bf6 18. Nf3 Bg7 19. Nh4 Nd6 20. Rad1 Nxc4 21. Bxc4
Kh7 22. f3 Nf6 23. Bc1 Rbd8 24. Rxd8 Rxd8 25. Rd1 Rxd1+ 26. Qxd1 Ne8 27. Qd3
Nd6 28. Bd5 Bc8 29. Ba3 a5 30. b4 cxb4 31. cxb4 axb4 32. Bxb4 Qc7 33. Qc3 Qxc3
1/2-1/2

[Event "bosnjaci18"]
[Site "Bosnjaci"]
[Date "2018.01.06"]
[Round "5.10"]
[White "Dabic, Stjepan"]
[Black "Goric, Esad"]
[Result "0-1"]
[WhiteElo "1949"]
[BlackElo "2263"]
[PlyCount "162"]
[EventDate "2018.??.??"]

1. d4 c5 2. d5 e5 3. c4 d6 4. e4 Nf6 5. Nc3 Be7 6. Bd3 Nbd7 7. Nge2 Nf8 8. O-O
Ng6 9. Ng3 O-O 10. Nf5 Bd7 11. a4 Ne8 12. g3 Bf6 13. Qf3 Kh8 14. Bd2 Ne7 15.
Kh1 Ng8 16. g4 g6 17. Ng3 Bg5 18. Be3 Bxe3 19. fxe3 Qh4 20. Be2 Nh6 21. Qg2
Nxg4 22. Bxg4 Bxg4 23. Rf2 Rd8 24. Rg1 Rd7 25. Nge2 h5 26. Qg3 Qxg3 27. Rxg3
Bxe2 28. Nxe2 Kg7 29. Rf5 Nf6 30. Nc3 h4 31. Rg1 Rh8 32. Rf2 h3 33. Rg3 Rh4 34.
b3 Nxe4 35. Nxe4 Rxe4 36. Rxh3 f5 37. Kg2 Rd8 38. Rg3 Rf8 39. Kf3 Rh4 40. Rfg2
Rf6 41. Ke2 a5 42. Kd3 Kh6 43. h3 f4 44. exf4 Rhxf4 45. Re2 Rf3+ 46. Re3 Rxg3
47. Rxg3 Kh5 48. Ke3 Kh4 49. Rg1 Kxh3 50. Rh1+ Kg2 51. Rh6 Kg3 52. Ke2 b6 53.
Kd2 Kf3 54. Rh3+ Ke4 55. Ke2 g5 56. Rg3 Kf5 57. Rh3 Kg6 58. Rh8 g4 59. Rg8+ Kf5
60. Ke3 Rg6 61. Rf8+ Kg5 62. Re8 Rf6 63. Rg8+ Kh4 64. Rh8+ Kg3 65. Re8 Rf3+ 66.
Ke4 Kf2 67. Re6 g3 68. Rxd6 g2 69. Rg6 Rg3 70. Rxg3 Kxg3 71. d6 g1=Q 72. Kxe5
Qd4+ 73. Ke6 Kf4 74. d7 Ke4 75. Ke7 Qe5+ 76. Kf7 Qd6 77. Ke8 Qe6+ 78. Kd8 Ke5
79. Kc7 Qd6+ 80. Kc8 Qc6+ 81. Kd8 Ke6 0-1

[Event "bosnjaci18"]
[Site "Bosnjaci"]
[Date "2018.01.06"]
[Round "5.11"]
[White "Grubisic, Ivica"]
[Black "Ivekovic, Tihana"]
[Result "1/2-1/2"]
[WhiteElo "1942"]
[BlackElo "2161"]
[PlyCount "76"]
[EventDate "2018.??.??"]

1. e4 c5 2. Nf3 e6 3. d4 cxd4 4. Nxd4 a6 5. Nc3 b5 6. Bd3 Qb6 7. Be3 Bc5 8.
Nce2 Nc6 9. c3 Ne5 10. Bc2 Nc4 11. Bc1 Qc7 12. O-O Nf6 13. Kh1 Bb7 14. Ng3 d5
15. exd5 Bxd5 16. Re1 O-O 17. f3 Rfd8 18. Qe2 Rac8 19. Bd3 Bd6 20. Nf1 Ne5 21.
Bxb5 axb5 22. Nxb5 Bc4 23. Nxc7 Bxe2 24. Nxe6 fxe6 25. Rxe2 Bc5 26. Be3 Bxe3
27. Nxe3 Kf7 28. Nc2 Nd3 29. Nd4 e5 30. Nb5 Nd5 31. g3 Nc7 32. Na7 Ra8 33. Nc6
Rd6 34. Nxe5+ Nxe5 35. Rxe5 Rd2 36. Rae1 Rxa2 37. Re7+ Kf8 38. Rxc7 Raxb2
1/2-1/2